000 00812nam a2200217Ia 4500
003 GCL
008 140319s9999 xx 000 0 ara d
040 _aGCL /
_cGCL
082 0 4 _a910.3
_bق ا
100 1 _aالقزوينى : ابوعبدالله زكريا بن محمد بن محمود الانصارى
245 1 0 _aاثار البلاد واخبار العباد /
_cالقزوينى : ابوعبدالله زكريا بن محمد بن محمود الانصارى
260 _aبيروت :
_bدار الصادر
300 _a668 ص
650 0 4 _aالتاريخ الاسلامى
650 0 4 _aالتراجم
650 0 4 _aالمعاجم
650 0 4 _aالاثار الاسلامية
650 0 4 _aالحضارة الاسلامية
650 0 4 _aتقاويم البلدان
942 _2ddc
_cREF
999 _c59523
_d59523